000 00499nam a2200193 a 4500
001 1764487598756
003 YourLibrary
005 20251204111955.0
008 251130s2004##################000#0#eng##
020 _a9780195166255
082 0 4 _a200.19
_bCOR
100 1 _aCorrigan, John,
_eauthor.
245 1 0 _aReligion and Emotion :
260 _bOxford University Press,
_c2004.
300 _a372 pages
650 0 _aPhilosophy.
942 _cENGLISH
040 _aYourLibrary
_beng
_cYourLibrary
999 _c599890
_d599890